[Event "2022 Standard Chess Dropout Tournament, Round 2"]
[Site "SchemingMind.com"]
[Date "2022.06.24"]
[Round "2"]
[White "Steven DuCharme"]
[Black "Andoni Zabala"]
[Result "1-0"]
[WhiteCountry "USA"]
[BlackCountry "INT"]
[WhiteElo "1598"]
[WhiteRD "85"]
[BlackElo "1777"]
[BlackRD "81"]
[GameID "724598"]

1. g3 d5 2. Bg2 e5 3. d3 c5 4. Nf3 Nc6 5. O-O Nf6 6. Nbd2 Bd6 7. b3 O-O 8. Bb2 Rb8 9. a3 Bf5 10. Re1 Re8
11. e4 Bg6 12. exd5 Nd4 13. Nh4 Bc7 14. Nxg6 hxg6 15. c4 b5 16. Bxd4 exd4 17. Rxe8+ Qxe8 18. Ne4 bxc4 19. Nxf6+ gxf6 20. bxc4 Ba5
21. Rb1 Rxb1 22. Qxb1 Qe1+ 23. Qxe1 Bxe1 24. d6 Kf8 25. Bc6 Ba5 26. a4 f5 27. f4 Kg7 28. Bd7 Kf6 29. Kf2 Bb6= 30. g4 fxg4
31. Bxg4 g5 32. Kf3 Bd8 33. fxg5+ Kxg5 34. Bd7 f5 35. h4+ Kxh4 36. Bxf5 Kg5 37. Ke4 Kf6 38. Bc8 Kf7 39. Kd5 Bb6 40. a5 Bxa5
41. Kxc5 Bb6+ 42. Kc6 Ke8 43. c5 Bd8 44. Kd5 a5 45. c6 a4 46. Kc4 Ba5 47. Kxd4 a3 48. Be6 Bb6+ 49. Kc3 a2 50. Bxa2 Bc5
51. d7+ Kd8 52. Kc4 Be7 53. Kb5 Kc7 54. Be6 Bf6 55. Bd5 Bd4 56. Kc4 Bf6 57. d4 Be7 58. Bg2 Kb6 59. Kd5 Kc7 60. Ke6 Bg5
61. d5 Bd8 62. d6+ Kb6 63. c7
1-0

[Event "2022 Standard Chess Dropout Tournament, Round 2"]
[Site "SchemingMind.com"]
[Date "2022.06.19"]
[Round "2"]
[White "Arthur Wilding"]
[Black "krzysztof"]
[Result "1/2-1/2"]
[WhiteCountry "WLS"]
[BlackCountry "POL"]
[WhiteElo "1191"]
[WhiteRD "72"]
[BlackElo "1515"]
[BlackRD "87"]
[GameID "724599"]

1. d4 d6 2. e3 a6 3. Nc3 Nf6 4. Nf3 Bg4 5. Be2 Bf5 6. Bd3 Bxd3 7. Qxd3 g6 8. O-O Bg7 9. b3 b5 10. a4 b4
11. Ne2 Nbd7 12. Bb2 c5 13. Ra2 d5 14. Qd1 c4 15. bxc4 dxc4 16. c3 b3 17. Ra1 a5 18. Ne5 Nd5 19. Nxd7 Qxd7 20. Re1 Nb6
21. Qd2 Nxa4 22. Ra3 Nb6 23. Rea1 a4 24. Ng3 e5 25. Ne4 exd4 26. cxd4 Nd5 27. Nc5 Qf5 28. h3 Qc2 29. Qxc2 bxc2 30. Rxa4 Rxa4
31. Rxa4 Nb6 32. Ra6 Nd5 33. Ra8+ Ke7 34. Rxh8 Bxh8 35. Kf1 c3 36. Ba3 Kd8 37. Ke2 c1=N+ 38. Bxc1 Nb4 39. Kd1 Kc7 40. Ne4 c2+
41. Kd2 f5 42. Nc3 g5 43. g3 f4 44. gxf4 gxf4 45. h4 h5 46. Ke2 Bf6 47. Kd2 Bxh4 48. Ke2 fxe3 49. fxe3 Bg5 50. Kf3 Nd3
51. Nb5+ Kc6 52. Na3 Nxc1 53. Nxc2 h4 54. Kg2 Ne2 55. Ne1 Bxe3 56. Nf3 Nf4+ 57. Kh2 h3 58. d5+ Kxd5 59. Ng5 Bg1+ 60. Kxg1 h2+
61. Kxh2 Ne6 62. Kg2 Nxg5
1/2-1/2

[Event "2022 Standard Chess Dropout Tournament, Round 2"]
[Site "SchemingMind.com"]
[Date "2022.06.20"]
[Round "2"]
[White "Thomas Jacob Kelly"]
[Black "kenneth m day"]
[Result "1-0"]
[WhiteCountry "USA"]
[BlackCountry "USA"]
[WhiteElo "1818"]
[WhiteRD "94"]
[BlackElo "1568"]
[BlackRD "64"]
[GameID "724600"]

1. e4 e5 2. Nf3 d5 3. Nxe5 Bd6 4. d4 dxe4 5. Bc4 Bxe5 6. Qh5 Qe7 7. Qxe5 Nf6 8. Bf4 Qxe5 9. Bxe5 Nbd7 10. Bxc7 O-O
11. Nd2 Re8 12. O-O-O b6 13. h3 Bb7 14. Bf4 Rac8 15. c3 Nd5 16. Be3 N7f6 17. Kc2 Bc6 18. Kb3 b5 19. Be2 a5 20. Rhe1 a4+
21. Ka3 Ra8 22. Nf1 Reb8 23. Bd2 Nd7 24. Ne3 N7b6 25. g3 Nxe3 26. fxe3 Nd5 27. Rf1 f6 28. b3 axb3+ 29. Kxb3 Ra7 30. Bg4 Rba8
31. Ra1 Ra3+ 32. Kb2 g6 33. Be6+ Kg7 34. g4 R3a6 35. a3 Bb7 36. Bxd5 Bxd5 37. Be1 Bc4 38. Rf4 Bd3 39. h4 R8a7 40. Bg3 Rc6
41. Rf2 Ra8 42. d5 Rcc8 43. d6 Rd8 44. Rd1 Rd7 45. Rfd2 Rda7 46. Rxd3 Rxa3 47. d7 Ra2+ 48. Kb3
1-0

[Event "2022 Standard Chess Dropout Tournament, Round 2"]
[Site "SchemingMind.com"]
[Date "2022.06.20"]
[Round "2"]
[White "krzysztof"]
[Black "maro"]
[Result "0-1"]
[WhiteCountry "POL"]
[BlackCountry "MEX"]
[WhiteElo "1534"]
[WhiteRD "86"]
[BlackElo "1424"]
[BlackRD "65"]
[GameID "724601"]

1. e3 e5 2. Nc3 Nf6 3. Bc4 d5 4. Be2 e4 5. d3 Bb4 6. Bd2 Nc6 7. a3 Ba5 8. Nb5 Bd7 9. Nd4 Bxd2+ 10. Qxd2 a6
11. h3 O-O 12. f3 Nxd4 13. exd4 e3 14. Qxe3 Re8 15. Qf2 Ba4 16. O-O-O Qd6 17. Rd2 Nh5 18. g4 Nf4 19. Bd1 Re7 20. Ne2 Rae8
21. Nxf4 Qxf4 22. Kb1 b6 23. h4 c5 24. b3 Bd7 25. dxc5 bxc5 26. Re2 Rxe2 27. Bxe2 Bxg4 28. Rh2 Bh5 29. Qg2 Qd2 30. Qf1 Qa5
31. a4 c4 32. f4 cxb3 33. cxb3 d4 34. Qd1 Bg6 35. Qc2 Bf5 36. Rh1 Rc8 37. Qb2 Qd5 38. Rc1 Rb8 39. Rc4 Be6 40. Ka2 Qa5
41. Rc1 Rxb3 42. Rc8+ Bxc8 43. Kxb3 Be6+ 44. Ka3 Qd8 45. h5 a5 46. Qb5 h6 47. Bf3 Qc7 48. Bc6 Qxf4 49. Qc5 Qd2 50. Bd5 Qxd3+
51. Kb2 Bxd5 52. Qxd5 Qc3+ 53. Kb1 d3 54. Qh1 Qc2+ 55. Ka1 d2 56. Qa8+ Kh7 57. Qxa5 d1=Q#
0-1

[Event "2022 Standard Chess Dropout Tournament, Round 2"]
[Site "SchemingMind.com"]
[Date "2022.06.24"]
[Round "2"]
[White "Johnny Owens"]
[Black "pjl1015"]
[Result "0-1"]
[WhiteCountry "USA"]
[BlackCountry "USA"]
[WhiteElo "2201"]
[WhiteRD "101"]
[BlackElo "2391"]
[BlackRD "111"]
[GameID "724602"]

1. Nf3 d5 2. b3 c5 3. e3 Nf6 4. Bb2 Nc6 5. Bb5 Bd7 6. O-O e6 7. Re1 Bd6 8. d4 cxd4 9. exd4 Ne4 10. Bf1 O-O
11. c4 f5 12. Nc3 Bb4 13. Qd3 Be8 14. a3 Be7 15. cxd5 exd5 16. b4 Bf6 17. Rac1 Kh8
0-1

[Event "2022 Standard Chess Dropout Tournament, Round 2"]
[Site "SchemingMind.com"]
[Date "2022.06.20"]
[Round "2"]
[White "lawyertheologian"]
[Black "wight knight"]
[Result "1-0"]
[WhiteCountry "USA"]
[BlackCountry "ENG"]
[WhiteElo "2058"]
[WhiteRD "80"]
[BlackElo "1274"]
[BlackRD "73"]
[GameID "724603"]

1. e4 e5 2. Nc3 c6 3. Nf3 f6 4. Nxe5 g6 5. Nf3 b5 6. d4 Ba6 7. a4 Bb4 8. axb5 Bxb5 9. Bxb5 cxb5 10. O-O Bxc3
11. bxc3 g5 12. e5 h5 13. Qe2 Ne7 14. exf6 g4 15. Nh4 Kf7 16. fxe7 Qxe7 17. Qxe7+ Kxe7 18. Ng6+ Kf6 19. Nxh8 Nc6 20. d5 Ne5
21. Be3 Rxh8 22. Bd4 a6 23. f4 d6 24. fxe5+ Ke7 25. exd6+ Kxd6 26. Rxa6+ Kxd5 27. Rf5+ Ke4 28. Re5+ Kf4 29. Rf6#
1-0

[Event "2022 Standard Chess Dropout Tournament, Round 2"]
[Site "SchemingMind.com"]
[Date "2022.06.20"]
[Round "2"]
[White "William Lindberg"]
[Black "Clive Everill"]
[Result "1-0"]
[WhiteCountry "USA"]
[BlackCountry "CZE"]
[WhiteElo "2414"]
[WhiteRD "67"]
[BlackElo "1753"]
[BlackRD "65"]
[GameID "724605"]

1. c4 e5 2. Nc3 Nf6 3. Nf3 Nc6 4. a3 g6 5. g3 Bg7 6. Bg2 O-O 7. O-O d6 8. d3 a5 9. Be3 Bd7 10. Qc1 Ng4
11. Bg5 f6 12. Bd2 f5 13. Rb1 Nf6 14. b4 axb4 15. axb4 Be6 16. b5 Ne7 17. Bh6 Qd7 18. Re1 Ng4 19. Bxg7 Kxg7 20. h3 Nf6
21. Ng5 Rab8 22. e4 h6 23. Nxe6+ Qxe6 24. Nd5 Nfxd5 25. cxd5 Qd7 26. d4 f4 27. dxe5 dxe5 28. Qc3 Qd6 29. gxf4 Rxf4 30. Rec1 Rc8
31. Qa5 b6 32. Qa7 g5 33. Rb3 Kg6 34. Rbc3 Rcf8 35. Rc6 Nxc6 36. Rxc6 Qxc6 37. bxc6 Rxf2 38. Qxc7 Rb2 39. Qd6+ Rf6 40. Qxe5 Rff2
41. Qe6+ Kg7 42. Qe5+ Kg6 43. Bf1 Rfd2 44. c7 Rbc2 45. d6 Rc1 46. Qf5+
1-0

[Event "2022 Standard Chess Dropout Tournament, Round 2"]
[Site "SchemingMind.com"]
[Date "2022.06.24"]
[Round "2"]
[White "maro"]
[Black "Gilligan"]
[Result "0-1"]
[WhiteCountry "MEX"]
[BlackCountry "USA"]
[WhiteElo "1424"]
[WhiteRD "65"]
[BlackElo "1623"]
[BlackRD "63"]
[GameID "724607"]

1. d4 d5 2. c4 e6 3. c5 Bd7 4. Nc3 Nc6 5. a3 Be7 6. e4 dxe4 7. Nxe4 Nf6 8. Qd3 O-O 9. Nf3 h6 10. b4 Nxe4
11. Qxe4 Bf6 12. Bd3 g6 13. Bxh6 Re8 14. h4 e5 15. O-O-O exd4 16. Qf4 a6 17. Ng5 Ne5 18. Bc2 Ng4 19. h5 Nxh6 20. hxg6 Bxg5
21. gxf7+ Nxf7 22. Bh7+ Kf8 23. Rxd4 Bxf4+
0-1

[Event "2022 Standard Chess Dropout Tournament, Round 2"]
[Site "SchemingMind.com"]
[Date "2022.06.24"]
[Round "2"]
[White "Juan Jose Rivas Maceda"]
[Black "Ricardo Martinez Puigros"]
[Result "1/2-1/2"]
[WhiteCountry "PER"]
[BlackCountry "ESP"]
[WhiteElo "2569"]
[WhiteRD "109"]
[BlackElo "2532"]
[BlackRD "83"]
[GameID "724608"]

1. d4 d5 2. c4 c6 3. Nd2 Nf6 4. Ngf3 Bf5 5. e3 h6 6. Qb3 Qc7 7. Bd3 Bxd3 8. Qxd3 e6 9. b3 Be7 10. Bb2 a5
11. a3 Nbd7 12. Rc1 Qd8 13. h3 O-O 14. O-O Re8 15. Rfe1 Qb8 16. Rc2 Qa7 17. Qe2 Rac8 18. Rec1 Qa6 19. Bc3 b6 20. Bb2 c5
21. dxc5 bxc5 22. a4 Bf8 23. Qf1 Qa7 24. Rd1 Rcd8 25. Bc3 Qb6 26. cxd5 exd5 27. Ra2 Ra8= 28. Raa1 Qe6 29. Rac1 Reb8 30. Qd3 Rc8
31. Ba1 Rcb8 32. Qc2 Ra7 33. Rb1 Rab7 34. Rbc1 Ra8 35. Bb2 Rab8 36. Ba1 Ra8=
1/2-1/2

[Event "2022 Standard Chess Dropout Tournament, Round 2"]
[Site "SchemingMind.com"]
[Date "2022.06.21"]
[Round "2"]
[White "Matthew Bailey"]
[Black "Dan Geana"]
[Result "1/2-1/2"]
[WhiteCountry "ENG"]
[BlackCountry "ROU"]
[WhiteElo "2574"]
[WhiteRD "76"]
[BlackElo "2575"]
[BlackRD "111"]
[GameID "724609"]

1. e4 d5 2. exd5 Qxd5 3. Nc3 Qa5 4. d4 Nf6 5. Nf3 Bf5 6. Ne5 c6 7. Bc4 e6 8. g4 Bg6 9. h4 Nbd7 10. Nxd7 Nxd7
11. h5 Be4 12. O-O Bd5 13. Nxd5 cxd5 14. Bd3 Bd6 15. Qf3 O-O-O 16. Be3 Kb8 17. Kg2 Ka8 18. Qxf7 Rhf8 19. Qxg7 Rg8 20. Qf7 Rxg4+
21. Kh3 Rgg8 22. Rg1 Rgf8 23. Qxe6 Rf6 24. Qg4 Rf7 25. Qe6 Rf6 26. Qg4 Rf7=
1/2-1/2

[Event "2022 Standard Chess Dropout Tournament, Round 2"]
[Site "SchemingMind.com"]
[Date "2022.06.21"]
[Round "2"]
[White "MichaelChess"]
[Black "Matthew Bailey"]
[Result "1/2-1/2"]
[WhiteCountry "CUB"]
[BlackCountry "ENG"]
[WhiteElo "2507"]
[WhiteRD "96"]
[BlackElo "2584"]
[BlackRD "72"]
[GameID "724610"]

1. e4 c5 2. Nf3 d6 3. d4 cxd4 4. Nxd4 Nf6 5. Nc3 a6 6. h3 e5 7. Nde2 h5 8. g3 Be7 9. Bg2 b5 10. Nd5 Nxd5
11. Qxd5 Ra7 12. Be3 Rb7 13. Qd2 Nd7 14. O-O Nf6 15. a3 O-O 16. Nc3 Be6 17. Bg5 Qc7 18. f4 a5 19. f5 Bc4 20. Rfe1 Rc8
21. Kh2 b4 22. axb4 axb4 23. Nd1 Bb5 24. Rc1 Nh7 25. Bxe7 Qxe7 26. Ne3 Nf6 27. Rcd1 Bc6 28. Qxd6 Qxd6 29. Rxd6 Bxe4 30. Red1 Kh7
31. Rd8 Rxd8 32. Rxd8 Bxg2 33. Kxg2 b3 34. c3 Rd7 35. Rxd7 Nxd7 36. g4 hxg4 37. hxg4 f6 38. Kf3 Nc5 39. Nc4 g6 40. Nd2 Kg7
41. fxg6 Kxg6 42. c4 f5 43. gxf5+ Kxf5 44. Nb1 Na4 45. Nd2 Nxb2=
1/2-1/2

[Event "2022 Standard Chess Dropout Tournament, Round 2"]
[Site "SchemingMind.com"]
[Date "2022.06.21"]
[Round "2"]
[White "Ninaner2"]
[Black "Aba"]
[Result "1-0"]
[WhiteCountry "NED"]
[BlackCountry "ISR"]
[WhiteElo "2306"]
[WhiteRD "99"]
[BlackElo "1721"]
[BlackRD "74"]
[GameID "724612"]

1. e4 e5 2. Nf3 Nc6 3. Bb5 a6 4. Ba4 Nf6 5. O-O Be7 6. Re1 b5 7. Bb3 O-O 8. c3 d5 9. exd5 Nxd5 10. Nxe5 Nxe5
11. Rxe5 c6 12. Re1 Bd6 13. d3 Bf5 14. Qf3 Re8 15. Rxe8+ Qxe8 16. Nd2 Qe1+ 17. Nf1 Bg6 18. g3 b4 19. c4 Nc7 20. Bd1 c5
21. a3 Re8 22. h4 h6 23. Bd2 Qe5 24. Ra2 Qd4 25. Bc2 b3 26. Bxb3 Rb8 27. Bd1 Bxd3 28. b3 Be4 29. Qe2 Ne6 30. Bc3 Qxc3
31. Qxe4 Qe5 32. Qxe5 Bxe5 33. Kg2 Rd8 34. Ne3 g6 35. b4 Bd4 36. Nd5 Kg7 37. Bg4 Rd7 38. Re2 Rd6 39. h5 g5 40. Ne7 Kf6
41. Nf5 Rb6 42. Rd2 Bc3 43. bxc5 Nxc5 44. Rd5 Ne4 45. Bf3 Nd2 46. c5 Nxf3 47. cxb6
1-0

[Event "2022 Standard Chess Dropout Tournament, Round 2"]
[Site "SchemingMind.com"]
[Date "2022.06.20"]
[Round "2"]
[White "NYNH"]
[Black "PION4290"]
[Result "1-0"]
[WhiteCountry "USA"]
[BlackCountry "CAN"]
[WhiteElo "1947"]
[WhiteRD "111"]
[BlackElo "1686"]
[BlackRD "90"]
[GameID "724613"]

1. e4 e5 2. Nf3 Nc6 3. Bb5 Bc5 4. c3 Nf6 5. d4 exd4 6. e5 Qe7 7. O-O Nd5 8. cxd4 Bb6 9. Nc3 Nxc3 10. bxc3 O-O
11. Re1 d5 12. Qa4 Qe6 13. Ba3 Rd8 14. Rad1 a6 15. Bd3 Ba5 16. Re3 b5 17. Qc2 g6 18. Ng5 Qg4 19. Rg3 Qh5 20. Bc1 Bxc3
21. Be2 Nb4 22. Bxh5 Nxc2 23. Rxc3 Bf5 24. Be2 Rac8 25. g4 b4 26. Rc5 Nxd4 27. Rxd4 Bb1 28. Rd2 h6 29. Rb2 Be4 30. Nxe4
1-0

[Event "2022 Standard Chess Dropout Tournament, Round 2"]
[Site "SchemingMind.com"]
[Date "2022.06.20"]
[Round "2"]
[White "peeuukoo"]
[Black "Thomas Jacob Kelly"]
[Result "1-0"]
[WhiteCountry "FIN"]
[BlackCountry "USA"]
[WhiteElo "1829"]
[WhiteRD "111"]
[BlackElo "1812"]
[BlackRD "94"]
[GameID "724615"]

1. d4 d5 2. c4 e5 3. dxe5 d4 4. Nf3 Nc6 5. g3 Nge7 6. Bg2 Ng6 7. O-O Ngxe5 8. Nxe5 Nxe5 9. Bf4 Nc6 10. Nd2 Bc5
11. Nb3 g5 12. Bxc6+ bxc6 13. Bxc7 Qxc7 14. Nxc5 Qd6 15. Ne4 Qe5 16. Nd2 Bf5 17. Nf3 Qe7 18. Qxd4 Rg8 19. Qe5 Qxe5 20. Nxe5 c5
21. Rfd1 Rc8 22. Rd6 Be4 23. Rad1 f5 24. f3
1-0

[Event "2022 Standard Chess Dropout Tournament, Round 2"]
[Site "SchemingMind.com"]
[Date "2022.06.20"]
[Round "2"]
[White "Dan Geana"]
[Black "Rubén Pulido "]
[Result "1/2-1/2"]
[WhiteCountry "ROU"]
[BlackCountry "CUB"]
[WhiteElo "2575"]
[WhiteRD "111"]
[BlackElo "2498"]
[BlackRD "106"]
[GameID "724616"]

1. e4 c5 2. b4 cxb4 3. a3 d5 4. exd5 Qxd5 5. Nf3 e5 6. axb4 Bxb4 7. c3 Bd6 8. Na3 Ne7 9. Bc4 Qe4+ 10. Be2 Nbc6
11. O-O O-O 12. d4 exd4 13. Nb5 Bb8 14. Bd3 Qd5 15. Nbxd4 Nxd4 16. Nxd4 Nc6 17. Re1 Nxd4 18. cxd4 Bf5 19. Ba3 Rd8 20. Be7 Re8
21. Bxf5 Qxf5 22. Bc5 Rd8 23. Qb3 b6 24. Bxb6 Bxh2+ 25. Kxh2 axb6 26. Rxa8=
1/2-1/2

[Event "2022 Standard Chess Dropout Tournament, Round 2"]
[Site "SchemingMind.com"]
[Date "2022.06.22"]
[Round "2"]
[White "PION4290"]
[Black "eliecercruzr"]
[Result "0-1"]
[WhiteCountry "CAN"]
[BlackCountry "CUB"]
[WhiteElo "1686"]
[WhiteRD "90"]
[BlackElo "2304"]
[BlackRD "86"]
[GameID "724617"]

1. Nf3 d5 2. d4 Nf6 3. Bf4 c5 4. c3 cxd4 5. Nxd4 Nbd7 6. Bg3 e5 7. Nf3 Bd6 8. e3 Qb6 9. Qb3 Qc7 10. Nbd2 Nc5
11. Bb5+ Bd7 12. Bxd7+ Qxd7 13. Qc2 e4 14. Bxd6 Qxd6 15. Nd4 Qa6 16. c4 Nd3+ 17. Ke2 O-O 18. a3 Rac8 19. b3 Ng4 20. f3 Nge5
21. f4 Qg6 22. Rag1 Qg4+ 23. Kf1 Qh4 24. g3 Qh3+ 25. Rg2 Ne1 26. Rg1 Nxc2 27. Nxc2 Nf3 28. Nxf3 exf3 29. Kf2 fxg2 30. Rxg2 dxc4
31. bxc4 Rfd8 32. Nd4 Rxd4
0-1

[Event "2022 Standard Chess Dropout Tournament, Round 2"]
[Site "SchemingMind.com"]
[Date "2022.06.24"]
[Round "2"]
[White "pjl1015"]
[Black "witkatz"]
[Result "1-0"]
[WhiteCountry "USA"]
[BlackCountry "GER"]
[WhiteElo "2373"]
[WhiteRD "110"]
[BlackElo "1835"]
[BlackRD "71"]
[GameID "724618"]

1. e4 c6 2. d4 d5 3. e5 Bf5 4. c3 e6 5. Nf3 Nd7 6. Be2 h6 7. O-O Ne7 8. a4 a5 9. Nbd2 Bh7 10. Nb3 b6
11. Bd2 Nf5 12. c4 c5 13. cxd5 Be7 14. dxe6 fxe6 15. Bc4 cxd4 16. Nbxd4 Nxd4 17. Nxd4 O-O 18. Nxe6
1-0

[Event "2022 Standard Chess Dropout Tournament, Round 2"]
[Site "SchemingMind.com"]
[Date "2022.06.20"]
[Round "2"]
[White "pmdpsp"]
[Black "carra1971"]
[Result "0-1"]
[WhiteCountry "GER"]
[BlackCountry "CUB"]
[WhiteElo "1764"]
[WhiteRD "90"]
[BlackElo "2408"]
[BlackRD "86"]
[GameID "724620"]

1. d4 d5 2. Nf3 Nf6 3. Nc3 e6 4. Bg5 Nbd7 5. e4 h6 6. Bh4 g5 7. Bg3 Nxe4 8. Nxe4 dxe4 9. Ne5 h5 10. h3 h4
11. Bh2 Nxe5 12. dxe5 Qd5 13. Qxd5 exd5 14. O-O-O Be6 15. Be2 Bc5 16. Rhf1 Ke7 17. f3 Rad8 18. a3 Be3+ 19. Kb1 Rhg8 20. fxe4 dxe4
21. Rxd8 Rxd8 22. Rd1 Rxd1+ 23. Bxd1 Bf4 24. Bg1 b6 25. Bd4 Bc4 26. Bg4 Bf1 27. b3 Bxg2 28. c4 Bf3 29. Bxf3 exf3 30. Kc2 Ke6
31. Kd3 Kf5 32. b4 g4 33. hxg4+ Kxg4 34. c5 h3
0-1

[Event "2022 Standard Chess Dropout Tournament, Round 2"]
[Site "SchemingMind.com"]
[Date "2022.06.24"]
[Round "2"]
[White "pnwmusichound"]
[Black "Edward Bishop"]
[Result "1-0"]
[WhiteCountry "USA"]
[BlackCountry "ENG"]
[WhiteElo "1845"]
[WhiteRD "102"]
[BlackElo "1566"]
[BlackRD "105"]
[GameID "724621"]

1. e4 c5 2. b3 Nc6 3. Bb2 e5 4. Bc4 Nf6 5. Nf3 d5 6. exd5 Nxd5 7. Nxe5 Nxe5 8. Bxe5 Be6 9. O-O Qg5 10. Bb5+ Kd8
11. Bg3 h5 12. h4 Qg6 13. Re1 a6 14. Bc4 b5 15. Bxd5 Bxd5 16. Nc3 Bc6 17. d4 Bd6 18. dxc5 b4 19. Na4 Bxa4 20. bxa4 Rc8
21. Bxd6
1-0

[Event "2022 Standard Chess Dropout Tournament, Round 2"]
[Site "SchemingMind.com"]
[Date "2022.06.20"]
[Round "2"]
[White "private napoleon"]
[Black "Joe P"]
[Result "0-1"]
[WhiteCountry "ENG"]
[BlackCountry "AUS"]
[WhiteElo "1681"]
[WhiteRD "89"]
[BlackElo "1822"]
[BlackRD "90"]
[GameID "724622"]

1. e4 e5 2. Nc3 Nf6 3. f4 d6 4. Nf3 Nc6 5. Bc4 Be7 6. O-O O-O 7. Kh1 Nh5 8. d4 Bg4 9. d5 Nd4 10. Be3 Nxf3
11. gxf3 Bh3 12. Rg1 Nxf4 13. Bxf4 exf4 14. Qd2 g5 15. Qxf4 Kh8
0-1

[Event "2022 Standard Chess Dropout Tournament, Round 2"]
[Site "SchemingMind.com"]
[Date "2022.06.20"]
[Round "2"]
[White "Raymond de Kemp"]
[Black "Artmagic"]
[Result "1-0"]
[WhiteCountry "NED"]
[BlackCountry "ENG"]
[WhiteElo "1814"]
[WhiteRD "70"]
[BlackElo "939"]
[BlackRD "128"]
[GameID "724623"]

1. e4 e5 2. f4 Be7 3. Nf3 Bd6 4. Bc4 Qe7 5. O-O Nf6 6. Nc3 O-O 7. f5 a6 8. d3 b5 9. Bb3 Bc5+ 10. Kh1 c6
11. h3 Nh5 12. Qe1 b4 13. Ne2 a5 14. Bg5 Qd6 15. Qh4 Nf6 16. Qg3 a4 17. Bc4 Bd4 18. Nexd4 a3 19. Qxe5 Qxe5 20. Nxe5 Bb7
21. Bxf6 c5 22. Be7 Re8 23. Bxf7+
1-0

[Event "2022 Standard Chess Dropout Tournament, Round 2"]
[Site "SchemingMind.com"]
[Date "2022.06.20"]
[Round "2"]
[White "Robert Hatfield"]
[Black "Robert Bruce"]
[Result "0-1"]
[WhiteCountry "USA"]
[BlackCountry "SCO"]
[WhiteElo "1801"]
[WhiteRD "63"]
[BlackElo "2312"]
[BlackRD "72"]
[GameID "724624"]

1. d4 f5 2. Nc3 d5 3. Bg5 h6 4. Bh4 g5 5. e3 Nf6 6. Bg3 Bg7 7. Nf3 O-O 8. Be2 Ne4 9. Nxe4 dxe4 10. Ne5 f4
11. exf4 gxf4 12. Bh4 Kh7 13. O-O Bxe5 14. dxe5 Nc6 15. Qxd8 Rxd8 16. Bc4 Nxe5 17. Bb3 Ng6
0-1

[Event "2022 Standard Chess Dropout Tournament, Round 2"]
[Site "SchemingMind.com"]
[Date "2022.06.21"]
[Round "2"]
[White "Rommel85"]
[Black "splinter"]
[Result "1-0"]
[WhiteCountry "CUB"]
[BlackCountry "CAN"]
[WhiteElo "2423"]
[WhiteRD "100"]
[BlackElo "1765"]
[BlackRD "78"]
[GameID "724625"]

1. e4 c5 2. Nf3 Nc6 3. Nc3 g6 4. d4 cxd4 5. Nxd4 Bg7 6. Be3 Nf6 7. Bc4 Nxd4 8. Bxd4 O-O 9. Qe2 d6 10. O-O-O Bd7
11. f3 Qa5 12. Kb1 Rfc8 13. Bb3 b5 14. Bxf6 Bxf6 15. Nd5 Be6 16. Nxf6+ exf6 17. Bxe6 fxe6 18. Rxd6 Re8 19. Qd3 Rad8 20. Rd1 Rc8
21. Qd4 Qc7 22. c3 a5 23. Qxf6 Re7 24. Rxe6 Rf7 25. Qe5 Qxe5 26. Rxe5
1-0

[Event "2022 Standard Chess Dropout Tournament, Round 2"]
[Site "SchemingMind.com"]
[Date "2022.06.20"]
[Round "2"]
[White "Stephen Dunning"]
[Black "Rommel85"]
[Result "0-1"]
[WhiteCountry "WLS"]
[BlackCountry "CUB"]
[WhiteElo "1932"]
[WhiteRD "81"]
[BlackElo "2441"]
[BlackRD "99"]
[GameID "724627"]

1. d4 d5 2. c4 c6 3. Nf3 Nf6 4. Nc3 dxc4 5. a4 Bf5 6. Ne5 Nbd7 7. Nxc4 Nb6 8. Ne5 a5 9. e3 Nbd7 10. Nxd7 Nxd7
11. Bd3 Bxd3 12. Qxd3 e5 13. dxe5 Bb4 14. Bd2 Nxe5 15. Qe4 Qd6 16. f4 O-O-O 17. O-O-O Nd3+ 18. Kc2 Qc5 19. Be1 Rhe8 20. Qf3 Rxe3
21. Qg4+ f5 22. Qxg7 Re2+ 23. Kb1 Rxb2+ 24. Ka1 Rc2 25. Na2 Qc4 26. Nxb4 axb4
0-1

[Event "2022 Standard Chess Dropout Tournament, Round 2"]
[Site "SchemingMind.com"]
[Date "2022.06.23"]
[Round "2"]
[White "southpolarice"]
[Black "spoke"]
[Result "1-0"]
[WhiteCountry "AUS"]
[BlackCountry "GER"]
[WhiteElo "2064"]
[WhiteRD "91"]
[BlackElo "1814"]
[BlackRD "86"]
[GameID "724629"]

1. d4 Nf6 2. Nf3 e6 3. c4 d5 4. Nc3 c5 5. cxd5 Nxd5 6. e4 Nxc3 7. bxc3 cxd4 8. cxd4 Nc6 9. Be2 Bb4+ 10. Bd2 Qa5
11. Bxb4 Qxb4+ 12. Qd2 Qxd2+ 13. Kxd2 Bd7 14. Rab1 b6 15. Rhc1 Ke7 16. Ba6 Na5 17. Ne5 Bc8 18. Bd3 Rd8 19. Rc7+
1-0

[Event "2022 Standard Chess Dropout Tournament, Round 2"]
[Site "SchemingMind.com"]
[Date "2022.06.20"]
[Round "2"]
[White "superlychee"]
[Black "Johnny Owens"]
[Result "1/2-1/2"]
[WhiteCountry "GER"]
[BlackCountry "USA"]
[WhiteElo "2078"]
[WhiteRD "115"]
[BlackElo "2201"]
[BlackRD "101"]
[GameID "724632"]

1. c4 e5 2. Nc3 Nf6 3. Nf3 Nc6 4. g3 d5 5. cxd5 Nxd5 6. Bg2 Nb6 7. O-O Be7 8. a3 O-O 9. b4 Be6 10. Rb1 f6
11. b5 Nd4 12. e3 Nxf3+ 13. Bxf3 Qc8 14. d4 Rd8 15. a4 a5 16. bxa6 Rxa6 17. Be4 exd4 18. exd4 f5 19. Bd3 Rxd4 20. Ne2 Rd6
21. Nf4 Rxd3 22. Nxd3 Nxa4 23. Bd2 Bf8 24. Nf4 Bc4 25. Re1 c5 26. h4 Qd7 27. h5 b5 28. Qc2 g5 29. hxg6 hxg6 30. Rbd1 Qf7
31. Re3 b4 32. Bxb4 cxb4 33. Rd7 b3 34. Qd2 Qf6 35. Nd5 Qb2 36. Ne7+ Kh7 37. Nxf5+ Kh8 38. Re8 Qxd2 39. Rxf8+ Bg8 40. Rxd2 gxf5
41. Rxf5 Bc4 42. Rf4 Nb6 43. Kg2 Kg7 44. Rg4+ Kf7 45. Rf4+ Ke6 46. Re4+ Kf7=
1/2-1/2

[Event "2022 Standard Chess Dropout Tournament, Round 2"]
[Site "SchemingMind.com"]
[Date "2022.06.19"]
[Round "2"]
[White "surfnsuds"]
[Black "lawyertheologian"]
[Result "0-1"]
[WhiteCountry "USA"]
[BlackCountry "USA"]
[WhiteElo "1294"]
[WhiteRD "77"]
[BlackElo "2058"]
[BlackRD "80"]
[GameID "724633"]

1. d4 f5 2. Nf3 Nf6 3. h3 e6 4. Bf4 Be7 5. e3 O-O 6. Bd3 Nh5 7. O-O Nxf4 8. exf4 b6 9. Re1 Bb7 10. Nc3 Bf6
11. g3 Nc6 12. Nb5 a6 13. Nc3 Nxd4 14. Nxd4 Bxd4 15. Bc4 Qf6 16. Ne2 Bxb2 17. Rb1 d5 18. c3 dxc4 19. Rxb2 e5 20. Rd2 Qc6
21. Rd5 Rad8
0-1

[Event "2022 Standard Chess Dropout Tournament, Round 2"]
[Site "SchemingMind.com"]
[Date "2022.06.20"]
[Round "2"]
[White "The Chess Machine"]
[Black "George Dimitrov"]
[Result "1/2-1/2"]
[WhiteCountry "ENG"]
[BlackCountry "BUL"]
[WhiteElo "2520"]
[WhiteRD "79"]
[BlackElo "2498"]
[BlackRD "112"]
[GameID "724634"]

1. d4 d5 2. c4 c6 3. Nc3 Nf6 4. e3 e6 5. Nf3 Nbd7 6. Qc2 Bd6 7. Bd3 O-O 8. O-O dxc4 9. Bxc4 a6 10. Rd1 b5
11. Be2 Qc7 12. e4 e5 13. dxe5 Nxe5 14. h3 h6 15. Be3 Re8 16. Rac1 Nxf3+ 17. Bxf3 Bb7 18. g3 Rad8 19. Bg2 c5 20. Rxd6 Qxd6
21. e5 Rxe5 22. Rd1 Rd5 23. Nxd5 Bxd5 24. Qxc5 Qe6 25. a3 Rd7 26. f3 Bb7 27. Rxd7=
1/2-1/2